000 00430nam a22001337a 4500
082 _a692.09
_bAME
_cL-14, P-134
100 _aA.S.O.C.E
_945364
245 _aThe civil engineers role in productivity in the construction industry
_cA.S.O.C.E
260 _aNew york
_bamerican society of civil engineers
_c1976
300 _a292 p.
_bill.
_c24 cm
526 _a0
_b0
_c0
_d692_090000000000000_AME
650 _aMCE
_9379
942 _2ddc
_cBK
999 _c548912
_d548912